LEADER 01307nam a2200265 i 4500 001 000000105604 003 CaOOAMICUS 005 20201026142421.0 008 101122s2002 it u000 u ita u 013 $a77798 020 $a88-14-09698-8 040 $aSeMil$bita 245 10$aVol. 2. 264 1$aMilano :$bGiuffrè,$c2002. 300 $a383 p. ;$c23 cm. 650 4$aMatrimonio - Diritto canonico.$0(OLS)http://semarc/subject/1701 773 0 $aPompedda, Mario Francesco $tStudi di diritto matrimoniale canonico.$dMilano : Giuffrè, 1993-2002.$kMonografie giuridiche / Ateneo romano della Santa Croce ; [poi] Pontificio Ateneo della Santa Croce ; [poi] Pontificia università della Santa Croce$g2$w()9447 830 0$aMonografie giuridiche / Ateneo romano della Santa Croce ; [poi] Pontificio Ateneo della Santa Croce ; [poi] Pontificia università della Santa Croce ;$v21.$0(OLS)http://semarc/title/431566 850 $aSeMil 852 $aSeMil$W1$xVenegono$y1$m2J V 161$j61773$B61773$CSeMilBibl$Z2$F75454 $81 961 $aAbbonamento: Giuffrè 996 $6020$a88-14-09698-8$9(OLS)http://semarc/number/85717 996 $6245$aVol. 2$9(OLS)http://semarc/title/13458 996 $6264$aMilano :$bGiuffrè$9(OLS)http://semarc/publisher/29926 LEADER 01122nam a2200265 i 4500 001 000000123794 003 CaOOAMICUS 005 20230925122645.0 008 040503s2000 it u000 u mul u 013 $a96490 040 $aSeMil$bita 100 1 $aStrazzullo, Franco.$0(OLS)http://semarc/name/8409 245 10$aNeapolitanae Ecclesiae cathedralis inscriptionum thesaurus /$cFranco Strazzullo. 260 $aNapoli :$bArte Tipografica,$c2000. 300 $a229 p., [16] p. di tav. :$briccamente ill. ;$c31 cm. 500 $aFondo Card. C.M. Martini. 650 4$aNapoli - Chiese - Cattedrale di Santa Maria Assunta (Duomo).$0(OLS)http://semarc/subject/54456 650 4$aEpitafi - Napoli.$0(OLS)http://semarc/subject/23727 850 $aSeMil 852 $aSeMil$W1$xVenegono$y1$m5M VII 66$j78440$B78440$CSeMilBibl$Z2$F82502 $81 941 1 $a4 961 $aOmaggio: Martini Card. Carlo Maria 996 $6245$aNeapolitanae Ecclesiae cathedralis inscriptionum thesaurus$9(OLS)http://semarc/title/182046 996 $6260$aNapoli :$bArte Tipografica$9(OLS)http://semarc/publisher/45777